|
|
|
|
| LEADER |
00000nab a2200000 a 4500 |
| 001 |
vtls000916274 |
| 003 |
SK-MaSNL |
| 005 |
20260304180704.0 |
| 008 |
040720e19920000xo 0 slo |
| 035 |
|
|
|a KE25155
|
| 040 |
|
|
|a KEVKJB
|b slo
|c KEVKJB
|e AACR2
|
| 041 |
0 |
|
|a slo
|
| 044 |
|
|
|a xo
|c SK
|
| 080 |
|
|
|a 621.396:929
|2 1981
|
| 245 |
0 |
0 |
|a Dílerom provízie a rabaty
|
| 610 |
2 |
7 |
|a Východoslovenské strojárne (Košice, Slovensko)
|2 KEVKJB
|9 29610
|
| 650 |
0 |
7 |
|a výrobky
|2 KEVKJB
|9 4992
|
| 650 |
0 |
7 |
|a predaj
|2 KEVKJB
|9 13334
|
| 650 |
0 |
7 |
|a dealeri (cudzí predajcovia)
|2 KEVKJB
|9 1510505
|
| 650 |
0 |
7 |
|a odmeňovanie
|2 KEVKJB
|9 2329
|
| 650 |
0 |
7 |
|a zásady nové
|2 KEVKJB
|9 1510506
|
| 651 |
|
7 |
|a KE,
|2 KEVKJB
|9 877256
|
| 655 |
|
7 |
|a periodikum
|2 snkbucl
|9 29553
|
| 710 |
2 |
|
|a Východoslovenské strojárne (Košice, Slovensko)
|4 aut
|9 29610
|
| 773 |
0 |
8 |
|t Strojár
|g Roč. 41
|g Roč. 28, č.12 (1992), s. 1,3
|
| 852 |
|
|
|a ZVYKNI
|b KIS3GCP
|
| 999 |
|
|
|c 3019121
|d 3021051
|